MARC

LEADER 00000nam0a2200000 4500
001 308722
005 20231102002124.0
035 |a (RuTPU)RU\TPU\book\334043 
090 |a 308722 
100 |a 20151105d1981 k y0rusy5003 ca 
101 0 |a rus 
102 |a RU 
105 |a a z 001zy 
200 1 |a Вулканизм архейских зеленокаменных поясов Карелии  |f Академия наук СССР (АН СССР), Карельский филиал (КФ), Институт геологии (ИГ) 
210 |a Ленинград  |c Наука  |d 1981 
215 |a 152 с.  |c ил.  |d 21 см. 
320 |a Библиогр.: с. 144-150 
606 1 |a Вулканизм архейский  |2 stltpush  |3 (RuTPU)RU\TPU\subj\3802  |9 32151 
610 1 |a Карелия 
610 1 |a зеленокаменные пояса 
610 1 |a геотектонические структуры 
610 1 |a локальные структуры 
610 1 |a разрезы 
610 1 |a стратиграфия 
610 1 |a корреляция 
610 1 |a формационный состав 
610 1 |a петрохимическая эволюция 
610 1 |a палеовулканология 
610 1 |a реконструкция 
675 |a 551.21:551.71/.72  |z rus  |v 4 
712 0 2 |a Академия наук СССР (АН СССР)  |b Карельский филиал (КФ)  |b Институт геологии (ИГ)  |c (Петрозаводск)  |2 stltpush  |3 (RuTPU)RU\TPU\col\13466 
801 0 |a RU  |b RuMRKP  |c 19950704  |g psbo 
801 1 |a RU  |b 63413507  |c 20151105 
801 2 |a RU  |b 63413507  |c 20171016  |g RCR 
942 |c BK